القوانين و الأنظمة التي لها علاقة بالشرطة و الأمن العام / (رقم التسجيلة. 31499)

تفاصيل مارك
000 -LEADER
fixed length control field 00753nam a22001937a 4500
005 - DATE AND TIME OF LATEST TRANSACTION
control field 20251108165808.0
008 - FIXED-LENGTH DATA ELEMENTS--GENERAL INFORMATION
fixed length control field 250721s1972 xx 000 0 ara d
082 14 - DEWEY DECIMAL CLASSIFICATION NUMBER
Classification number م/351.7505650026/أرد
245 10 - TITLE STATEMENT
Title القوانين و الأنظمة التي لها علاقة بالشرطة و الأمن العام /
264 1# - PRODUCTION, PUBLICATION, DISTRIBUTION, MANUFACTURE, AND COPYRIGHT NOTICE
Place of production, publication, distribution, manufacture عمان :
Name of producer, publisher, distributor, manufacturer مديرية الأمن العام،
Date of production, publication, distribution, manufacture, or copyright notice 1972.
300 ## - PHYSICAL DESCRIPTION
Extent 590ص.
500 ## - GENERAL NOTE
General note يحتوي على ملاحق قوانين مؤقتة . يوجد منه نسخة في قاعة المطالعة
650 17 - SUBJECT ADDED ENTRY--TOPICAL TERM
Topical term or geographic name as entry element الأردن
650 17 - SUBJECT ADDED ENTRY--TOPICAL TERM
Topical term or geographic name as entry element الأمن الداخلي
650 17 - SUBJECT ADDED ENTRY--TOPICAL TERM
Topical term or geographic name as entry element القوانين و اللوائح
710 2# - ADDED ENTRY--CORPORATE NAME
Corporate name or jurisdiction name as entry element الأردن . قوانين و الأنظمة
942 ## - ADDED ENTRY ELEMENTS (KOHA)
Source of classification or shelving scheme Dewey Decimal Classification
Koha item type مراجع
المقتنيات
حالة السحب حالة الفقدان مصدر التصنيف حالة التلف غير قابل للإعارة المكتبة الرئيسية المكتبة الحالية موقع الرف تاريخ التزويد الرقم المتسلسل Total Checkouts رقم الإستدعاء الباركود تاريخ آخر ظهور تاريخ الفاتورة نوع المادة (كوها)
    Dewey Decimal Classification   Not For Loan المكتبة المركزية المكتبة المركزية مراجع 06/07/2004 38481   م/351.7505650026/أرد 38481 28/07/2025 06/07/2004 مراجع
    Dewey Decimal Classification   Not For Loan مكتبة تاريخ الأردن مكتبة تاريخ الأردن مراجع 12/11/2009 1329563   م/351.7505650026/أرد PLD00118883 28/07/2025 12/11/2009 مراجع
    Dewey Decimal Classification   Not For Loan مكتبة تاريخ الأردن مكتبة تاريخ الأردن مراجع 05/12/2010 1453430   م/351.7505650026/أرد PLD00171351 28/07/2025 05/12/2010 مراجع
Implemented & Customized by: BBB with SCIT (Smart Chains for Information Technology)

Powered by Koha